College algebra and trigonometry / (Record no. 7823)
[ view plain ]
| 000 -LEADER | |
|---|---|
| fixed length control field | 00568pam a2200181 a 4500 |
| 020 ## - ISBN | |
| International Standard Book Number | 0471625450 |
| 050 00 - LIBRARY OF CONGRESS CALL NUMBER | |
| Classification Number | QA154.2 |
| Item Number | .D87 1988 |
| 100 1# - MAIN ENTRY--Author | |
| Personal name | Durbin, John R. |
| 245 10 - TITLE | |
| Title | College algebra and trigonometry / |
| Statement of responsibility, etc | John R. Durbin. |
| 250 ## - EDITIONSTATEMENT | |
| Edition statement | 2nd ed. |
| 260 ## - PUBLICATION, DISTRIBUTION, ETC.(IMPRINT) | |
| Place of publication, distribution, etc | New York [USA] : |
| Name of publisher, distributor, etc | Wiley, |
| Date of publication, distribution, etc | c1988. |
| 300 ## - PHYSICAL DESCRIPTION | |
| Extent | xii, 500, 88, 15 p. : |
| 500 ## - GENERALNOTE | |
| General note | Includes index. |
| 650 ## - SUBJECT--TOPIC | |
| General subdivision | Trigonometry ; |
| -- | Algebra. |
| 856 42 - URL/ELECTRONIC LOCATION AND ACCESS | |
| Uniform Resource Identifier | <a href="http://www.loc.gov/catdir/description/wiley035/87028039.html">http://www.loc.gov/catdir/description/wiley035/87028039.html</a> |
| 856 4# - URL/ELECTRONIC LOCATION AND ACCESS | |
| Uniform Resource Identifier | <a href="http://www.loc.gov/catdir/toc/onix06/87028039.html">http://www.loc.gov/catdir/toc/onix06/87028039.html</a> |
| 942 ## - ADDED ENTRY ELEMENTS(KOHA) | |
| Source of classification or shelving scheme | Library of Congress Classification |
| Koha item type | General circulation |
| Source of classification or shelving scheme | Not for loan | Location (home branch) | Sublocation (holding branch) | Shelving location | Date accessioned | Cost, normal purchase price | Full call number | Barcode | Cost, replacement price | Nonpublic note | Koha item type | Public note |
|---|---|---|---|---|---|---|---|---|---|---|---|---|
| Library of Congress Classification | Main Campus Library | Main Campus Library | 30/07/2015 | 12166.00 | QA154.2 .D87 1988 | 2015/005694 | 13382.00 | Nzk | General circulation | Nzk |